000 00401nam a2200145 i 4500
001 bg
245 0 _aĆwiczenia laboratoryjne z materiałów budowlanych i technologii betonu /
_cpod red. J. Mizery.
260 _aOpole,
_c1984.
700 1 _aMizera, Jan.
_eRed.
040 _cBPK
041 _apol
080 _a691:666.97/.98](075.8)(076)
942 _cKS
008 s pl f |000 0 pol
999 _c3164
_d3164
856 _uhttp://koha.tu.koszalin.pl/cgi-bin/koha/opac-detail.pl?biblionumber=3164
_yKatalog online BPK